Environmentálna produktová politika a stav jej uplatňovania v podmienkach slovenského hospodárstva
Analýza možnosti využitia nástrojov štátnych zásahov do trhu produktov ako spôsobu zníženia negatívnych vplyvov na životné prostredie. Environmentálna politika Európskej únie. Integrovaná produktová politika.
Saved in:
| Main Author: | |
|---|---|
| Format: | Book Chapter |
| Language: | Slovak |
| Subjects: | |
| Tags: |
No Tags, Be the first to tag this record!
|
MARC
| LEADER | 00000naa$a2200000$$$4500 | ||
|---|---|---|---|
| 001 | 0088430 | ||
| 005 | 20240502072006.6 | ||
| 041 | 0 | |a slo | |
| 044 | |a SK | ||
| 245 | 1 | 0 | |a Environmentálna produktová politika a stav jej uplatňovania v podmienkach slovenského hospodárstva |c Rastislav Strhan |
| 520 | |a Analýza možnosti využitia nástrojov štátnych zásahov do trhu produktov ako spôsobu zníženia negatívnych vplyvov na životné prostredie. Environmentálna politika Európskej únie. Integrovaná produktová politika. | ||
| 610 | 2 | 0 | |a politika environmentálna |
| 610 | 2 | 0 | |a politika sortimentná |
| 610 | 2 | 0 | |a Európska únia |
| 610 | 2 | 0 | |a Slovensko |
| 610 | 2 | 0 | |a ochrana spotrebiteľa |
| 610 | 2 | 0 | |a ochrana trhu |
| 610 | 2 | 0 | |a ochrana zdravia |
| 100 | 1 | |a Strhan, Rastislav, 1968- | |